Animaux de dessin animé - Clic Quiz - Statistiques

Statistiques générales
  • Ce quiz a été pris 1 535 fois
    926 depuis la dernière actualisation
  • Le résultat moyen est 17 sur 20
Statistiques - réponses
Hint Réponse % Correct
Garfield Chat
97%
Dumbo Éléphant
97%
Winnie Ours
97%
Mickey Souris
97%
Maya Abeille
96%
Simba Lion
96%
Bambi Faon
95%
Franklin Tortue
95%
Dory Poisson-chirurgien
94%
Milou Chien
91%
Patrick Étoile de mer
87%
Rox Renard
83%
Jolly Jumper Cheval
79%
Po Panda
78%
Abu Singe
78%
Kaa Serpent
77%
Pierre Lapin
72%
Oum Dauphin
61%
Kowalski Manchot
57%
Vaillant Pigeon
48%
Aucun quiz correspondant
Distribution des résultats
% des personnes avec chaque résultat
Percentile par nombre de réponses
Votre historique - résultats
Vous n’avez pas pris ce quiz depuis la dernière actualisation